|
|
|
|
| LEADER |
01731cas a2200241 a 4500 |
| 001 |
AALejournalIMF018488 |
| 008 |
230101c9999 xx r poo 0 0eng d |
| 020 |
|
|
|c 5.00 USD
|
| 020 |
|
|
|z 9781484357866
|
| 022 |
|
|
|a 1934-7685
|
| 040 |
|
|
|a BD-DhAAL
|c BD-DhAAL
|
| 110 |
2 |
|
|a International Monetary Fund.
|b European Dept.
|
| 245 |
1 |
0 |
|a Kingdom of the Netherlands :
|b Netherlands.
|
| 264 |
|
1 |
|a Washington, D.C. :
|b International Monetary Fund,
|c 2018.
|
| 300 |
|
|
|a 1 online resource (52 pages)
|
| 490 |
1 |
|
|a IMF Staff Country Reports
|
| 500 |
|
|
|a <strong>Off-Campus Access:</strong> No User ID or Password Required
|
| 500 |
|
|
|a <strong>On-Campus Access:</strong> No User ID or Password Required
|
| 506 |
|
|
|a Electronic access restricted to authorized BRAC University faculty, staff and students
|
| 520 |
3 |
|
|a This Selected Issues paper analyzes the wage moderation in the Netherlands. Wage growth has been subdued in the Netherlands despite tighter labor market conditions in recent years. Besides various cyclical factors, rising labor market flexibility may have contributed to the wage moderation in the Netherlands. Like other advanced economies, slower productivity growth and lower expected inflation are important drivers to the wage moderation in the recent years. In addition to that, remaining slack in the labor market also weighed on wage growth. Going forward, wages are expected to grow faster given higher expected inflation, foreign wage spillovers, and tightening labor market.
|
| 538 |
|
|
|a Mode of access: Internet
|
| 830 |
|
0 |
|a IMF Staff Country Reports; Country Report ;
|v No. 2018/131
|
| 856 |
4 |
0 |
|z Full text available on IMF
|u http://elibrary.imf.org/view/journals/002/2018/131/002.2018.issue-131-en.xml
|z IMF e-Library
|